000 00968nas a2200301 4500
001 BR2019000485
003 BR-BrBNA
005 20231205131611.0
007 ta
008 230509b bl.|||p| |||| 00| 00por d
040 _aBR-BrBNA
_bpor
_cBiblioteca Nacional de Agricultura
041 _a(Pt)
072 _aE14
100 1 _aSantos, E.J.
100 1 _aLourenzani, W.L.
100 1 _aLourenzani, A.E.B.S.
245 1 _aHistórico e ascensão do urucum na microrregião de Dracena - Sâo Paulo
650 _aURUCU
650 _aPLANTA CORANTE
650 _aPRÁTICA CULTURAL
650 _aPESQUISA
650 _aPRODUÇÃO AGRÍCOLA
650 _aDESENVOLVIMENTO RURAL
773 0 _tRevista Brasileira de Engenharia de Biossistemas (Brazil)
_xISSN 2359-6724
_g(2018), v. 12(1) p. 29-39
_wBR2019000485
856 4 0 _uhttp://seer.tupa.unesp.br/index.php/BIOENG/article/view/616/357
909 _a202311
_bLúcia
_c55
_dLúcia Elande
942 _2AGRIS
_n0
_cANA
999 _c255655
_d255655